Nonveg delights / (Record no. 131974)

MARC details
000 -LEADER
fixed length control field 00716nam a22002417a 4500
003 - CONTROL NUMBER IDENTIFIER
control field dpl
005 - DATE AND TIME OF LATEST TRANSACTION
control field 20190128131154.0
008 - FIXED-LENGTH DATA ELEMENTS--GENERAL INFORMATION
fixed length control field 180611b xxu||||| |||| 00| 0 eng d
010 ## - LIBRARY OF CONGRESS CONTROL NUMBER
LC control number B-011761
020 ## - INTERNATIONAL STANDARD BOOK NUMBER
Terms of availability 00.00
International Standard Book Number 8186987657
035 ## - SYSTEM CONTROL NUMBER
System control number B-011761, B-011773, B-011789
037 ## - SOURCE OF ACQUISITION
Source of stock number/acquisition Cen Lib/Ret
040 ## - CATALOGING SOURCE
Original cataloging agency DPL
Language of cataloging EN
Transcribing agency 0
082 ## - DEWEY DECIMAL CLASSIFICATION NUMBER
Classification number 641.66
Item number CHO
100 ## - MAIN ENTRY--PERSONAL NAME
Personal name Choudhary, Ashima
9 (RLIN) 33369
245 ## - TITLE STATEMENT
Title Nonveg delights /
Statement of responsibility, etc by Ashima Choudhary
260 ## - PUBLICATION, DISTRIBUTION, ETC. (IMPRINT)
Name of publisher, distributor, etc Gyan Sagar Publications
Place of publication, distribution, etc Delhi
Date of publication, distribution, etc 1999
270 ## - ADDRESS
Address C-143, Preet Vihar
City Delhi
Postal code 110092
300 ## - PHYSICAL DESCRIPTION
Extent 125p. :
Dimensions 19cm(Hb)
Other physical details ill.
650 ## - SUBJECT ADDED ENTRY--TOPICAL TERM
Topical term or geographic name as entry element Cooking --Non veg
9 (RLIN) 33370
650 ## - SUBJECT ADDED ENTRY--TOPICAL TERM
Topical term or geographic name as entry element Non-veg food
9 (RLIN) 33371
942 ## - ADDED ENTRY ELEMENTS (KOHA)
Source of classification or shelving scheme Dewey Decimal Classification
Koha item type English Books
Classification part 641.66
Call number suffix CHO
Holdings
Withdrawn status Lost status Damaged status Not for loan Home library Current library Date acquired Source of acquisition Cost, normal purchase price Total Checkouts Full call number Barcode Date last seen Copy number Cost, replacement price Price effective from Koha item type Source of classification or shelving scheme Collection code
        Central Library Central Library 16/07/2015 Cen Lib/Ret 0.00   641.66 CHO B-011761 16/07/2015 1 0.00 16/07/2015 English Books    
        Shahdara Branch Shahdara Branch 11/06/2018 BPPD/PUB 0.00   641.66 CHO B-011773 11/06/2018   0.00 11/06/2018 English Books Dewey Decimal Classification Non-fiction
        Vigyan Vihar Vigyan Vihar 28/01/2019 BPPD/PUB 60.00   641.66 CHO B-011789 28/01/2019   60.00 28/01/2019 English Books Dewey Decimal Classification Non-fiction

© Delhi Public Library
Hit Counter
free hit counter